• 首页
  • 本馆介绍
  • 公告通知
  • 最新文献
  • 馆藏检索
  • 电子资源
  • 读者导购
  • 参考咨询
  • 我的图书馆
  • 登录
  • 详细信息显示
  • 放入我的书架
  • 预约/预借图书
  • 作者相关作品
  • 分类相关作品
  • 丛书相关作品
  • 出版社相关作品

书目信息

  • 表格格式
  • 工作单格式
  • 卡片格式
题名:
和谐的人与海洋
    
 
作者: 沃克 , 伍德 著 ;王子夏 , 顾燃 译
分册:  
出版信息: 上海   上海科学技术文献出版社  2006
页数: 98页
开本: 23cm
丛书名: 海洋生命丛书
单 册:
中图分类: X145-49
科图分类:
主题词: 人类--影响--海洋环境--普及读物 , 人类 , 海洋环境
电子资源:
ISBN: 7-5439-2869-8
000 01383oam2 2200349 450
001 003267087
005 20070807164509.84
010    @a7-5439-2869-8@dCNY15.00
035    @a003267087
100    @a20060426d2006 em y0chiy0110 ea
101 1  @achi@ceng
102    @aCN@b310000
105    @aa z 000yy
106    @ar
200 1  @a和谐的人与海洋@Ahe xie de ren yu hai yang@f(美)帕姆·沃克(Pam Walker),(美)伊莱恩·伍德(Elaine Wood)著@F( mei ) pa mu· wo ke (Pam Walker),( mei ) yi lai en· wu de (Elaine Wood) zhu@g王子夏,顾燃译@Gwang zi xia, gu ran yi
210    @a上海@c上海科学技术文献出版社@d2006
215    @a98页@c图@d23cm
225 2  @a海洋生命丛书@Ahai yang sheng ming cong shu
312    @a封面英文题名:People and the sea
330    @a本书是一本讲述人类行为对海洋中数以万计的居民的生活环境造成的冲击与影响的图书。书中研究了人类与海洋过去和现在的联系,主要阐述了人类对海洋生命及其栖息地造成的负面影响。
461  0 @1001003295444@12001 @a海洋生命丛书
510 1  @aPeople and the sea@zeng
606 0  @a人类@x影响@x海洋环境@j普及读物
606 0  @a人类
606 0  @a海洋环境
690    @aX145-49@v4
701  0 @c(美)@a沃克@Awo ke@c(女,Walker, Pam)@4著
701  0 @c(美)@a伍德@Awu de@c(女,Wood, Elaine)@4著
702  0 @a王子夏@Awang zi xia@c(翻译)@4译
702  0 @a顾燃@Agu ran@4译
801  0 @aCN@bNLC@c20070807
905    @dX145-49@e175@f5
    
    和谐的人与海洋/(美)帕姆·沃克(Pam Walker),(美)伊莱恩·伍德(Elaine Wood)著/王子夏,顾燃译.-上海:上海科学技术文献出版社,2006
    98页:图;23cm.-(海洋生命丛书)
    
    
    ISBN 7-5439-2869-8:CNY15.00
    本书是一本讲述人类行为对海洋中数以万计的居民的生活环境造成的冲击与影响的图书。书中研究了人类与海洋过去和现在的联系,主要阐述了人类对海洋生命及其栖息地造成的负面影响。
●
相关链接 在E读中查询图书 在五车中查询图书 在当当中查询图书 在豆瓣中查询图书


正题名:和谐的人与海洋     索取号:X145-49/175         预约/预借

序号 登录号 条形码 馆藏地/架位号 状态 备注
1 0853035   208530357   第二样本阅览室/ [索取号:X145-49/175] 在馆    
2 0853036   208530366   第三借阅区/ [索取号:X145-49/175] 在馆    
3 0853037   208530375   第三借阅区/ [索取号:X145-49/175] 在馆    
4 0853038   208530384   第三借阅区/ [索取号:X145-49/175] 在馆    
5 0853039   208530393   第三借阅区/ [索取号:X145-49/175] 在馆    
唐山师范学院图书馆 欢迎您!
大连网信软件有限公司© 版权所有